000 06369cam a22018254i 4500
003 PE-LiUPU
005 20250813165517.0
008 180521s2016 mx a r 00 0 spa d
020 _a9789681804640
035 _a(Sirsi) a242045
040 _aPE-LiUPU
_bspa
_cPE-LiUPU
_erda
041 1 _aspa
_heng
049 _aPRUA
082 0 4 _a628.3
_bM2
_223
245 0 0 _aManual de tratamiento de aguas negras /
_cDepartamento de Sanidad. Dirección de Saneamiento del Medio Ambiente ; traductor versión española César Falcón.
264 1 _aMéxico :
_bLimusa,
_c2016.
300 _a304 páginas :
_bilustraciones ;
_c24 centímetros
336 _atext
_2rdacontent
337 _aunmediated
_2rdamedia
338 _avolume
_2rdacarrier
505 0 _aAguas negras -- Origen de las aguas negras y de los desechos -- Definiciones -- Aspecto de las aguas negras -- Composición de las aguas negras -- Los sólidos de las aguas negras -- Definiciones de los sólidos de las aguas negras -- Gases disueltos -- Composición biológica de las aguas negras -- Estado de las aguas negras -- Estado de las aguas negras -- Estado de las aguas negras -- Estado de las aguas negras -- Cambios químicos en la composición de las aguas negras -- Disposición de las aguas negras -- Tratamiento de las aguas negras -- Disposición de las aguas negras -- Función del oxígeno disuelto en las aguas receptoras -- Demanda bioquímica de oxígeno (DBO) -- Autopurificación -- Necesidad de tratar las aguas negras -- Aspectos legales de la disposición de las aguas negras -- Métodos de tratamiento de las aguas negras -- Tratamiento preliminar -- Rejas y cribas de barras -- Cribas finas -- Desmenuzadores -- Desarenadores -- Tranques de preparación -- Tratamiento primario -- Tanques sépticos -- Tanques de doble acción -- Tanques de sedimentación simple -- Tratamiento químico -- Tratamiento secundario -- Filtros goteadores o rociadores -- Tanques de la sedimentación secundaria -- Lodos activados -- Modificaciones al proceso convencional de lodos activados -- Operación del proceso de lodos activados -- Aeración contacto -- Filtros de arena intermitentes -- Estanques de estabilización (lagunas de oxidación) -- Cloración de las aguas negras -- Reacciones del cloro con las aguas negras -- Propósitos de la cloración -- Riesgos en el manejo del cloro -- Operación y mantenimiento de los cloradores -- Tratamiento y disposición de los lodos -- Tratamiento de los lodos -- Desechos industriales -- Desechos sólidos y gaseosos -- Aguas industriales de desecho -- Tratamiento y disposición -- Procedimiento para el muestreo y análisis -- Muestreo de aguas negras -- Muestreo de lodos -- Prueba de putrescibilidad o del azul de metileno -- Prueba de sólidos sedimentales -- Prueba de sólidos suspendidos -- Pruebas de laboratorio para la determinación de bacterias coliformes.
526 _aP203
526 _aP200
526 _aSEG65
526 _aSEG64
526 _aSEG63
526 _aSEG62
526 _aSEG61
526 _aSEG60
526 _aSEG59
526 _aSEG58
526 _aSEG57
526 _aSEG56
526 _aSEG55
526 _aSEG54
526 _aSEG53
526 _aSEG52
526 _aSEG51
526 _aSEG50
526 _aSEG49
526 _aSEG48
526 _aSEG47
526 _aSEG46
526 _aSEG24
526 _aSEG23
526 _aSEG22
526 _aSEG21
526 _aSEG20
526 _aSEG19
526 _aSEG18
526 _aSEG17
526 _aSEG16
526 _aSEG14
526 _aSEG13
526 _aSEG12
526 _aSEG11
526 _aSEG10
526 _aSEG09
526 _aSEG06
526 _aSEG05
526 _aSEG04
526 _aSEG03
526 _aSEG02
526 _aSEG68
526 _aSEG66
526 _aSEG45
526 _aSEG25
526 _aSEG01
526 _aP163
526 _aP162
526 _aP161
526 _aP160
526 _aP159
526 _aP158
526 _aP157
526 _aP156
526 _aP155
526 _aP154
526 _aP153
526 _aP152
526 _aP151
526 _aP150
526 _aP149
526 _aP142
526 _aP141
526 _aP140
526 _aP139
526 _aP138
526 _aP137
526 _aP132
526 _aP131
526 _aP130
526 _aP126
526 _aP125
526 _aP124
526 _aP123
526 _aP115
526 _aP122
526 _aP121
526 _aP116
526 _a P114
526 _aP112
526 _aP111
526 _aP104
526 _aP103
526 _aP102
526 _aP101
526 _aP100
526 _aP96
526 _aP95
526 _aP93
526 _aP92
526 _aP91
526 _aP88
526 _aP83
526 _aP82
526 _aP79
526 _aP78
526 _aP75
526 _aP74
526 _aP71
526 _aP69
526 _a P51
526 _aP49
526 _aP48
526 _aP47
526 _aP33
526 _aP31
526 _a P30
526 _aP29
526 _aP27
526 _aP26
526 _aP25
526 _aP24
526 _a P22
526 _aP10
526 _aP09
526 _a P08
526 _aP06
526 _aP05
526 _aP04
526 _aP01
534 _pTítulo original :
_tManual of instructions for sewage treatment plant operators.
541 _g022-00000049;
650 0 4 _aAguas residuales.
650 0 4 _aSewage water.
710 1 _aNew York (State).
_bDepartamento de Sanidad.
700 1 _aFalcón, Cesar,
_etraductor.
910 _adbm
_bwmm
_cwmm
_d20180521
942 _2ddc
_cBOOK
994 _aC0
_bPEPRU
596 _a1
999 _a628.3 M22
_wDEWEY
_c27556
_i78544
_f2021-11-9
_g4
_lCCODEBUL1
_mBUL
_p20.41
_r0
_sY
_tBOOK
_u2018-5-21
_xINGENIERIA
_PP24
_0COMPRA
_1FCOMPRA
_o.STAFF. Colección Ingeniería y Arquitectura
_d27556
999 _a628.3 M22
_wDEWEY
_c2
_i78545
_d2019-11-13
_e2019-11-11
_f2021-11-9
_g4
_lCCODEBUL1
_mBUL
_n1
_p20.39
_r0
_sY
_tBOOK
_u2018-5-21
_xINGENIERIA
_PP24
_0COMPRA
_1FCOMPRA
_o.STAFF. Colección Ingeniería y Arquitectura
980 _81
_gALBERTO SANCHEZ Responsable de Automatización